header

A vindication of the rights of woman (Record no. 20109)

MARC details
000 -LEADER
fixed length control field 01012nam a2200253Ia 4500
100 1# - MAIN ENTRY--AUTHOR NAME
Personal name Wollstonecraft, Mary,
245 12 - TITLE STATEMENT
Title A vindication of the rights of woman
260 ## - PUBLICATION, DISTRIBUTION, ETC. (IMPRINT)
Place of publication Blacksburg, VA :
Name of publisher Virginia Tech,
Year of publication 2001.
300 ## - PHYSICAL DESCRIPTION
Number of Pages 155 p.
650 #0 - SUBJECT ADDED ENTRY--TOPICAL TERM
Topical Term Women's rights
Topical Term Women
856 40 - ELECTRONIC LOCATION AND ACCESS
Uniform Resource Identifier http://site.ebrary.com/lib/rucke/Doc?id=10001970

No items available.

© 2026 Rongo University
Contact us: librarian | system librarian | Rongo university